[Event "Titled Tue 1st Jul Early"]
[Site "chess.com INT"]
[Date "2025.07.01"]
[Round "10"]
[White "Zeliantsova, Kseniya"]
[Black "Keatinge-Clay, Adrian"]
[Result "1-0"]
[WhiteTitle "WFM"]
[BlackTitle "FM"]
[WhiteElo "2062"]
[BlackElo "2232"]
[WhiteFideId "13512617"]
[BlackFideId "2011867"]
[EventDate "2025.07.01"]

1. e4 c5 2. Nf3 Nc6 3. Bb5 g6 4. O-O Nf6 5. Re1 Bg7 6. c3 O-O 7. h3 d6 8. d4 Qb6
9. Bf1 cxd4 10. cxd4 e5 11. d5 Nb4 12. Na3 a5 13. Be3 Qd8 14. Nc4 a4 15. Nb6 Ra5
16. Nxa4 b5 17. Bb6 Qd7 18. Bxa5 bxa4 19. Bxb4 Nh5 20. Bd2 f5 21. exf5 gxf5 22.
Nxe5 dxe5 23. Qxh5 Qxd5 24. Bb4 Rd8 25. Rad1 1-0

[Event "Titled Tue 1st Jul Early"]
[Site "chess.com INT"]
[Date "2025.07.01"]
[Round "10"]
[White "Samunenkov, Ihor"]
[Black "Hayrapetyan, Edgar"]
[Result "1-0"]
[WhiteTitle "GM"]
[BlackTitle "FM"]
[WhiteElo "2555"]
[BlackElo "2161"]
[WhiteFideId "14187086"]
[BlackFideId "13313568"]
[EventDate "2025.07.01"]

1. d4 e6 2. Nc3 d5 3. Bf4 Nf6 4. Nb5 Na6 5. e3 c6 6. Nc3 h6 7. Nf3 Qb6 8. a3 g5
9. Be5 Bg7 10. h4 g4 11. Nd2 h5 12. e4 dxe4 13. Nc4 Qd8 14. Nxe4 O-O 15. Nxf6+
Bxf6 16. Bd3 c5 17. Qd2 Bxe5 18. Qh6 f5 19. Nxe5 Qf6 20. Qxf6 Rxf6 21. Bxa6 bxa6
22. dxc5 f4 23. O-O-O Rf8 24. c6 Kg7 25. Rhe1 Kf6 26. b4 Rb8 27. c4 Re8 28. Kc2
Re7 29. Kc3 Rc7 30. Rd8 f3 31. g3 1-0

[Event "Titled Tue 1st Jul Early"]
[Site "chess.com INT"]
[Date "2025.07.01"]
[Round "10"]
[White "Indjic, Aleksandar"]
[Black "Bluebaum, Matthias"]
[Result "1-0"]
[WhiteTitle "GM"]
[BlackTitle "GM"]
[WhiteElo "2661"]
[BlackElo "2660"]
[WhiteFideId "911925"]
[BlackFideId "24651516"]
[EventDate "2025.07.01"]

1. d4 d5 2. c4 e6 3. Nc3 Bb4 4. Nf3 Nf6 5. Bg5 h6 6. Bxf6 Qxf6 7. e3 c5 8. a3
Bxc3+ 9. bxc3 dxc4 10. h4 b6 11. Bxc4 Bb7 12. Bb5+ Ke7 13. a4 Rd8 14. Qe2 Nc6
15. Rh3 Na5 16. Kf1 cxd4 17. cxd4 Rac8 18. Ne5 Rc3 19. Rd1 Rdc8 20. Bd3 Rc1 21.
Ng4 Nb3 22. Nxf6 Rxd1+ 23. Qxd1 Rc1 24. Qxc1 Nxc1 25. Bc4 Kxf6 26. e4 Bxe4 27.
Rc3 1-0

[Event "Titled Tue 1st Jul Early"]
[Site "chess.com INT"]
[Date "2025.07.01"]
[Round "10"]
[White "Redor, Menandro"]
[Black "Jaiswal, Rupesh"]
[Result "1-0"]
[BlackTitle "FM"]
[WhiteElo "2021"]
[BlackElo "2064"]
[WhiteFideId "5222010"]
[BlackFideId "12300870"]
[EventDate "2025.07.01"]

1. e4 c5 2. d4 cxd4 3. c3 dxc3 4. Nxc3 e6 5. Nf3 Nc6 6. Bc4 Bb4 7. O-O Nge7 8.
Qe2 O-O 9. e5 Bxc3 10. bxc3 d5 11. exd6 Qxd6 12. a4 Qc7 13. Ba3 h6 14. h3 Rd8
15. a5 b6 16. a6 Na5 17. Bd3 Rb8 18. Rad1 Rxd3 19. Qxd3 Nc4 20. Bxe7 1-0

[Event "Titled Tue 1st Jul Early"]
[Site "chess.com INT"]
[Date "2025.07.01"]
[Round "10"]
[White "Tica, Sven"]
[Black "Durarbayli, Vasif"]
[Result "0-1"]
[WhiteTitle "IM"]
[BlackTitle "GM"]
[WhiteElo "2442"]
[BlackElo "2612"]
[WhiteFideId "14526948"]
[BlackFideId "13402935"]
[EventDate "2025.07.01"]

1. Nf3 c5 2. g3 Nc6 3. Bg2 g6 4. O-O Bg7 5. d3 d5 6. Nbd2 e6 7. e4 Nge7 8. Re1
O-O 9. Nf1 dxe4 10. dxe4 Qxd1 11. Rxd1 b6 12. c3 Ba6 13. Be3 Rfd8 14. h4 Be2 15.
Re1 Bd3 16. Ng5 Rd7 17. Rad1 Rad8 18. Rd2 Ne5 19. f4 Nc4 20. Rf2 h6 21. Nh3 Nxb2
22. Rxb2 Bxc3 23. Rbb1 Bxb1 24. Rxb1 Rd1 25. Rb3 Bd4 26. Nf2 Ra1 27. Bxd4 Rxd4
28. Rb2 Nc6 29. e5 Nb4 30. Ne4 Rxa2 31. Nf6+ Kf8 32. Rb3 a5 33. h5 a4 34. Rb1 a3
35. Ne3 Rb2 0-1

[Event "Titled Tue 1st Jul Early"]
[Site "chess.com INT"]
[Date "2025.07.01"]
[Round "10"]
[White "Chiang, Jacob"]
[Black "Bashirli, Saadat"]
[Result "0-1"]
[BlackTitle "WCM"]
[WhiteElo "2032"]
[BlackElo "2005"]
[WhiteFideId "30962331"]
[BlackFideId "13429990"]
[EventDate "2025.07.01"]

1. c4 e6 2. Nc3 d5 3. d4 c6 4. Nf3 dxc4 5. a4 Bb4 6. e4 b5 7. axb5 cxb5 8. Bd2
Qb6 9. Be2 Nf6 10. e5 Nd5 11. Ne4 Bxd2+ 12. Qxd2 O-O 13. O-O Nc6 14. Rfd1 a5 15.
Qg5 Qd8 16. Qc1 Bd7 17. Nd6 Rb8 18. h4 h6 19. h5 Ncb4 20. g4 Bc6 21. Kh2 f6 22.
Ne4 fxe5 23. Nxe5 Qh4+ 24. Kg1 Nf4 25. Qe3 Nc2 26. Qd2 Bxe4 27. Bf3 Nh3+ 28. Kg2
Bxf3+ 29. Nxf3 Qxg4+ 30. Kh2 Rxf3 31. Qxc2 Rxf2+ 32. Qxf2 Nxf2 33. Rg1 0-1

[Event "Titled Tue 1st Jul Early"]
[Site "chess.com INT"]
[Date "2025.07.01"]
[Round "10"]
[White "Jammalamadaka, Vihaan"]
[Black "Zlatkov, Anton"]
[Result "0-1"]
[WhiteTitle "CM"]
[BlackTitle "FM"]
[WhiteElo "1977"]
[BlackElo "2330"]
[WhiteFideId "30977134"]
[BlackFideId "15005402"]
[EventDate "2025.07.01"]

1. d4 d6 2. Nc3 Nf6 3. g3 g6 4. Bg2 Bg7 5. e4 O-O 6. Nge2 c6 7. h3 Nbd7 8. O-O
b5 9. a3 e5 10. Be3 a5 11. d5 Bb7 12. dxc6 Bxc6 13. Qxd6 Qc8 14. Nd5 Bxd5 15.
exd5 Ra6 16. Qc6 Rxc6 17. dxc6 Nb8 18. Nc3 b4 19. axb4 axb4 20. Nb5 Nxc6 21.
Rfd1 Nd4 22. Nxd4 exd4 23. Bxd4 Qxc2 24. Rdc1 Qd3 25. Rd1 Qb3 26. Rdc1 Nh5 27.
Bxg7 Nxg7 28. Rab1 h5 29. Rc7 Ne6 30. Rd7 Rd8 31. Rxd8+ Nxd8 32. Re1 Ne6 0-1

[Event "Titled Tue 1st Jul Early"]
[Site "chess.com INT"]
[Date "2025.07.01"]
[Round "10"]
[White "Szpar, Milosz"]
[Black "Cacheiro Blanco, Diego"]
[Result "1-0"]
[WhiteTitle "IM"]
[BlackTitle "FM"]
[WhiteElo "2490"]
[BlackElo "2383"]
[WhiteFideId "1184989"]
[BlackFideId "54541042"]
[EventDate "2025.07.01"]

1. e4 c5 2. Nf3 d6 3. d4 cxd4 4. Nxd4 Nf6 5. Nc3 Nc6 6. Bc4 e6 7. Be3 a6 8. Qe2
Bd7 9. O-O-O Rc8 10. Bb3 Na5 11. f4 Rxc3 12. bxc3 Nxe4 13. Qd3 d5 14. Kb2 Qc7
15. Bd2 Nd6 16. f5 Nac4+ 17. Ka1 e5 18. Rhe1 e4 19. Qg3 b5 20. Bf4 Qc5 21. Bxc4
Nxc4 22. Nb3 Qc6 23. f6 Qxf6 24. Rxd5 e3 25. Nd4 Ba3 26. Bg5 Qb6 27. Rxe3+ Nxe3
28. Qxe3+ 1-0

[Event "Titled Tue 1st Jul Early"]
[Site "chess.com INT"]
[Date "2025.07.01"]
[Round "10"]
[White "Tsyhanchuk, Stanislav"]
[Black "Logachiov, Aleksandr"]
[Result "1-0"]
[WhiteTitle "IM"]
[BlackTitle "CM"]
[WhiteElo "2273"]
[BlackElo "2129"]
[WhiteFideId "13505130"]
[BlackFideId "24123706"]
[EventDate "2025.07.01"]

1. e4 c5 2. Nf3 d6 3. d4 cxd4 4. Nxd4 Nf6 5. Nc3 a6 6. Be3 e5 7. Nb3 Be6 8. Qd2
Nbd7 9. O-O-O Be7 10. f4 exf4 11. Bxf4 Ne5 12. Nd4 Qa5 13. Kb1 Rc8 14. a3 b5 15.
Nf5 Bxf5 16. exf5 Qc7 17. h3 h5 18. Be2 O-O 19. g4 Nc4 20. Bxc4 Qxc4 21. g5 Nd7
22. Nd5 Bd8 23. f6 g6 24. Bxd6 Re8 25. Be7 Kh8 26. Rhe1 1-0

[Event "Titled Tue 1st Jul Early"]
[Site "chess.com INT"]
[Date "2025.07.01"]
[Round "10"]
[White "Xiong, Jeffery"]
[Black "Lesovoi, Evgenij"]
[Result "1-0"]
[WhiteTitle "GM"]
[BlackTitle "FM"]
[WhiteElo "2646"]
[BlackElo "2234"]
[WhiteFideId "2047640"]
[BlackFideId "24164135"]
[EventDate "2025.07.01"]

1. e4 e5 2. Nf3 Nc6 3. Bc4 Bc5 4. c3 Nf6 5. d4 exd4 6. e5 d5 7. Be2 Bb6 8. exf6
Qxf6 9. O-O O-O 10. Bg5 Qg6 11. cxd4 Nxd4 12. Nxd4 Qxg5 13. Nf3 Qd8 14. Nc3 c6
15. Re1 Qf6 16. Na4 Bc7 17. Qd4 Qxd4 18. Nxd4 Bd6 19. Rac1 Re8 20. Bd3 Rxe1+ 21.
Rxe1 Kf8 22. Bf5 g6 23. Bxc8 Rxc8 24. g3 a6 25. Nb3 Rc7 26. Nb6 Be7 27. a3 Bf6
28. Re2 Re7 29. Rc2 Ke8 30. Nc5 Kd8 31. b4 Kc7 32. Nxd5+ cxd5 33. Ne4+ 1-0

[Event "Titled Tue 1st Jul Early"]
[Site "chess.com INT"]
[Date "2025.07.01"]
[Round "10"]
[White "Vokhidov, Shamsiddin"]
[Black "Baturin-Vinogradov, Miroslav"]
[Result "1-0"]
[WhiteTitle "GM"]
[BlackTitle "CM"]
[WhiteElo "2650"]
[BlackElo "2066"]
[WhiteFideId "14204223"]
[BlackFideId "55745741"]
[EventDate "2025.07.01"]

1. e4 e5 2. Nf3 Nc6 3. Bc4 Nf6 4. Ng5 d5 5. exd5 Na5 6. Bb5+ c6 7. dxc6 bxc6 8.
Bd3 Nd5 9. h4 Nf4 10. Bf1 h6 11. Nf3 e4 12. d4 exf3 13. Bxf4 Qe7+ 14. Be3 fxg2
15. Bxg2 Ba6 16. Nd2 O-O-O 17. c3 Qc7 18. Qf3 Rd6 19. O-O-O Rf6 20. Qg4+ Kb8 21.
Ne4 Rg6 22. Qf3 Ka8 23. d5 cxd5 24. Rxd5 Bb7 25. Rhd1 Be7 26. Rd7 Qe5 27. Rxb7
Nxb7 28. Nd6 Rb8 29. Nxb7 Rf6 30. Nc5+ Rxf3 31. Bxf3+ 1-0

[Event "Titled Tue 1st Jul Early"]
[Site "chess.com INT"]
[Date "2025.07.01"]
[Round "10"]
[White "Materia, Marco"]
[Black "Saydaliev, Saidakbar"]
[Result "1-0"]
[WhiteTitle "IM"]
[BlackTitle "IM"]
[WhiteElo "2493"]
[BlackElo "2457"]
[WhiteFideId "45150451"]
[BlackFideId "14203693"]
[EventDate "2025.07.01"]

1. Nf3 Nf6 2. c4 e6 3. b3 d5 4. Bb2 Bd6 5. g3 O-O 6. Bg2 Nc6 7. d4 Re8 8. O-O b6
9. Nc3 Bb7 10. e3 h6 11. Nd2 Na5 12. Qe2 c5 13. dxc5 bxc5 14. Rfd1 Qb6 15. Na4
Qd8 16. Rac1 Rc8 17. cxd5 exd5 18. Bxf6 Qxf6 19. Qb5 Qd8 20. Nxc5 Bc6 21. Qd3 d4
22. Bxc6 Nxc6 23. Nb7 Qd7 24. Nxd6 Qxd6 25. Nc4 Qf6 26. exd4 Rcd8 27. d5 Nb4 28.
Qd4 Qxd4 29. Rxd4 Nxa2 30. Rc2 Nb4 31. Rcd2 Rd7 32. d6 Rb8 33. Ne5 Rdd8 34. d7
f6 35. Rxb4 Rxb4 36. Nc6 Rxd7 37. Rxd7 Rxb3 38. Rxa7 h5 39. h4 Kf8 40. Kg2 Rd3
41. Ne7 Rd1 42. Ng6+ Kg8 43. Nf4 1-0

[Event "Titled Tue 1st Jul Early"]
[Site "chess.com INT"]
[Date "2025.07.01"]
[Round "10"]
[White "Mayank, Chakraborty"]
[Black "Stevik, Patrik"]
[Result "1-0"]
[WhiteTitle "IM"]
[BlackTitle "FM"]
[WhiteElo "2448"]
[BlackElo "2314"]
[WhiteFideId "25659766"]
[BlackFideId "14944812"]
[EventDate "2025.07.01"]

1. d4 Nf6 2. c4 e6 3. Nf3 d5 4. g3 c5 5. cxd5 exd5 6. Bg2 Nc6 7. O-O Be7 8. Nc3
O-O 9. Bg5 c4 10. Ne5 Be6 11. f4 h6 12. Bxf6 Bxf6 13. f5 Bc8 14. Nxd5 Nxe5 15.
dxe5 Bxe5 16. Qc2 Qg5 17. Rad1 Bd7 18. f6 Bc6 19. Ne7+ Kh8 20. fxg7+ 1-0

[Event "Titled Tue 1st Jul Early"]
[Site "chess.com INT"]
[Date "2025.07.01"]
[Round "10"]
[White "Vlassov, Nikolai"]
[Black "Mattenberger, Matthias"]
[Result "1-0"]
[WhiteTitle "IM"]
[BlackTitle "FM"]
[WhiteElo "2291"]
[BlackElo "2276"]
[WhiteFideId "4103360"]
[BlackFideId "1339958"]
[EventDate "2025.07.01"]

1. e4 c5 2. c3 d5 3. exd5 Qxd5 4. d4 Nf6 5. Nf3 e6 6. a3 Nc6 7. Be3 Ng4 8. Bd3
Be7 9. O-O O-O 10. Nbd2 cxd4 11. cxd4 Qd8 12. Qc2 g6 13. Rad1 Qc7 14. h3 Nxe3
15. fxe3 Bd7 16. Rf2 Rac8 17. Rdf1 Be8 18. Ne4 f6 19. b4 Qd8 20. Qa2 Bf7 21. Bc4
Qd7 22. Nfg5 fxg5 23. Rxf7 Rxf7 24. Bxe6 Qd8 25. Rxf7 Kh8 26. Bxc8 Qxc8 27. d5
Ne5 28. Rxe7 Qc1+ 29. Kh2 Nd3 30. Nf6 1-0

[Event "Titled Tue 1st Jul Early"]
[Site "chess.com INT"]
[Date "2025.07.01"]
[Round "10"]
[White "Naroditsky, Daniel"]
[Black "Wong, Yinn Long"]
[Result "1-0"]
[WhiteTitle "GM"]
[BlackTitle "FM"]
[WhiteElo "2619"]
[BlackElo "2300"]
[WhiteFideId "2026961"]
[BlackFideId "5707684"]
[EventDate "2025.07.01"]

1. e4 c6 2. d4 d5 3. f3 Qb6 4. Nc3 e5 5. dxe5 Bc5 6. Na4 Qa5+ 7. c3 Bxg1 8. b4
Qc7 9. Rxg1 Qxe5 10. Be3 dxe4 11. Bd4 Qxh2 12. Qe2 Nf6 13. O-O-O O-O 14. Qf2
exf3 15. Bd3 Qf4+ 16. Kb2 Bf5 17. gxf3 Bxd3 18. Rxd3 Nbd7 19. Nc5 Nxc5 20. bxc5
Rfe8 21. Rdd1 g6 22. Rh1 Qf5 23. Rh6 Ng4 24. Rxh7 Kxh7 25. Rh1+ Nh6 26. Qh4 Qh5
27. Qf6 Re2+ 28. Ka3 Rg8 29. Rxh5 gxh5 30. Qh4 Rgg2 31. Kb3 Kg6 32. Qf6+ Kh7 33.
Qh8+ Kg6 34. Qg7+ Kf5 35. Qf6# 1-0

[Event "Titled Tue 1st Jul Early"]
[Site "chess.com INT"]
[Date "2025.07.01"]
[Round "10"]
[White "Bashirov, Kemal"]
[Black "Shapiro, Daniel"]
[Result "1-0"]
[WhiteTitle "FM"]
[BlackTitle "FM"]
[WhiteElo "2305"]
[BlackElo "2284"]
[WhiteFideId "14183650"]
[BlackFideId "2001780"]
[EventDate "2025.07.01"]

1. d4 Nf6 2. Nf3 d5 3. c4 e6 4. Nc3 Bb4 5. e3 dxc4 6. Bxc4 c5 7. O-O Nbd7 8. a3
Ba5 9. e4 Bxc3 10. bxc3 Nxe4 11. Qd3 Nd6 12. d5 e5 13. Bg5 f6 14. Bh4 e4 15. Qe2
Nxc4 16. Qxe4+ Nde5 17. Nxe5 Nxe5 18. f4 Qd6 19. fxe5 Qxe5 20. Qc4 O-O 21. Qxc5
Bg4 22. Rae1 Qh5 23. Bg3 b6 24. Qd4 Rac8 25. Re7 Rf7 26. Rfe1 Rxe7 27. Rxe7 Bf5
28. d6 Qe2 29. Rxe2 1-0

[Event "Titled Tue 1st Jul Early"]
[Site "chess.com INT"]
[Date "2025.07.01"]
[Round "10"]
[White "Deng, Henry"]
[Black "Zaw, Ye Htut"]
[Result "1-0"]
[WhiteTitle "FM"]
[BlackTitle "CM"]
[WhiteElo "2293"]
[BlackElo "2074"]
[WhiteFideId "30965454"]
[BlackFideId "13013955"]
[EventDate "2025.07.01"]

1. Nf3 d5 2. b3 e6 3. Bb2 f5 4. e3 Nf6 5. d3 Bd6 6. c4 c6 7. Nbd2 O-O 8. Be2
Nbd7 9. Qc2 Qe7 10. e4 fxe4 11. dxe4 dxe4 12. Nxe4 Nxe4 13. Qxe4 Nc5 14. Qh4
Qxh4 15. Nxh4 Ne4 16. O-O Be7 17. Nf3 Bf6 18. Bxf6 gxf6 19. Bd3 Nc5 20. Bc2 e5
21. b4 Na6 22. a3 Bg4 23. Rad1 Rad8 24. Rfe1 Nc7 25. Kf1 Ne6 26. Be4 f5 27. Rxd8
Rxd8 28. Nxe5 Rd4 29. Nxg4 fxg4 30. Bxh7+ Kf7 31. Bf5 Ng7 32. Bc8 Rxc4 33. Bxb7
Nf5 34. Bc8 Nd4 35. Bxg4 Nc2 36. Be6+ 1-0

[Event "Titled Tue 1st Jul Early"]
[Site "chess.com INT"]
[Date "2025.07.01"]
[Round "10"]
[White "Borges, Wagner da Silva"]
[Black "Viskelis, Darius"]
[Result "1-0"]
[WhiteTitle "CM"]
[BlackTitle "FM"]
[WhiteElo "2055"]
[BlackElo "2146"]
[WhiteFideId "2100401"]
[BlackFideId "12800830"]
[EventDate "2025.07.01"]

1. Nf3 d5 2. g3 c5 3. Bg2 Nc6 4. d4 e6 5. O-O Nf6 6. c4 cxd4 7. Nxd4 Be7 8. Nc3
O-O 9. cxd5 exd5 10. Bg5 Be6 11. Rc1 Rc8 12. Re1 Qb6 13. Nxe6 fxe6 14. Bh3 Ne5
15. Be3 Qxb2 16. Bxe6+ Kh8 17. Bxc8 Rxc8 18. Nxd5 Rd8 19. Nxe7 Re8 20. Nf5 Neg4
21. Bd4 Qxa2 22. Rc2 Qe6 23. e4 Qf7 24. Qf3 Qh5 25. h4 h6 26. Rc7 Ne5 27. Bxe5
Qxf3 28. Nxg7 1-0

[Event "Titled Tue 1st Jul Early"]
[Site "chess.com INT"]
[Date "2025.07.01"]
[Round "10"]
[White "Sabatier, Mathis"]
[Black "Oviedo Acosta, Paula"]
[Result "1-0"]
[WhiteTitle "CM"]
[BlackTitle "WFM"]
[WhiteElo "2235"]
[BlackElo "1928"]
[WhiteFideId "26029685"]
[BlackFideId "3704394"]
[EventDate "2025.07.01"]

1. d4 d6 2. c4 Nf6 3. Nc3 e5 4. d5 Nbd7 5. e4 g6 6. Nge2 Bg7 7. Ng3 O-O 8. Be2
a6 9. h4 Rb8 10. h5 Nc5 11. b4 Ncd7 12. Bg5 h6 13. Be3 g5 14. Qd2 Nh7 15. Nf5 b5
16. c5 dxc5 17. bxc5 b4 18. Nd1 Ndf6 19. g4 Nxe4 20. Qd3 Nhf6 21. f3 Bxf5 22.
gxf5 Ng3 23. Rg1 Nxe2 24. Qxe2 Nxd5 25. Nb2 Nc3 26. Qf2 e4 27. f4 Qf6 28. fxg5
hxg5 29. Bxg5 Qe5 30. Bh6 Nd5 31. Bxg7 Qxg7 32. Rxg7+ Kxg7 33. Qd4+ Nf6 34. h6+ 1-0

[Event "Titled Tue 1st Jul Early"]
[Site "chess.com INT"]
[Date "2025.07.01"]
[Round "10"]
[White "Montano Vicente, Guadalupe"]
[Black "Miserendino, Alfredo"]
[Result "0-1"]
[WhiteElo "1940"]
[BlackElo "2032"]
[WhiteFideId "5181399"]
[BlackFideId "101800"]
[EventDate "2025.07.01"]

1. d4 Nf6 2. c4 c5 3. d5 b5 4. cxb5 a6 5. e3 axb5 6. Bxb5 Ba6 7. Nc3 Bxb5 8.
Nxb5 d6 9. Ne2 g6 10. O-O Bg7 11. a4 O-O 12. Ra3 Nbd7 13. Nec3 Qb6 14. e4 Rfb8
15. Be3 Qa5 16. h3 Ne8 17. Bd2 Qb6 18. Qe2 Rb7 19. Rfa1 Nc7 20. Kh1 Na6 21. a5
Qd8 22. Ra4 Qb8 23. R1a2 Nb4 24. R2a3 Ra6 25. f4 Qa8 26. Be1 Nf6 27. Nd1 Nh5 0-1

[Event "Titled Tue 1st Jul Early"]
[Site "chess.com INT"]
[Date "2025.07.01"]
[Round "10"]
[White "Nazin, Roman"]
[Black "Palomo, Franklin Annervys"]
[Result "0-1"]
[WhiteTitle "CM"]
[BlackTitle "FM"]
[WhiteElo "2250"]
[BlackElo "2243"]
[WhiteFideId "4137167"]
[BlackFideId "3906965"]
[EventDate "2025.07.01"]

1. d4 c5 2. d5 Nf6 3. Nc3 d6 4. e4 a6 5. a4 g6 6. h3 e5 7. Nf3 Bg7 8. Be2 O-O 9.
O-O h6 10. Nd2 Nbd7 11. a5 Qe7 12. Nc4 Kh7 13. Be3 Ne8 14. Rb1 f5 15. f3 Ndf6
16. b4 cxb4 17. Rxb4 Nh5 18. Nb6 Rb8 19. Nca4 Nef6 20. Nxc8 Rbxc8 21. Nb6 Rc7
22. exf5 gxf5 23. Qd3 Ng3 24. Rfb1 e4 25. fxe4 fxe4 26. Qd2 Nd7 27. Nc4 Bc3 28.
Qd1 Bxb4 29. Rxb4 Ne5 30. Nb6 Qh4 31. c4 Rcf7 32. Rb1 Nf3+ 33. Bxf3 exf3 34.
Qd3+ Kg8 35. Qg6+ Rg7 36. Qe6+ Kh7 0-1

[Event "Titled Tue 1st Jul Early"]
[Site "chess.com INT"]
[Date "2025.07.01"]
[Round "10"]
[White "Rivera Huerta, Alberto"]
[Black "Rabin, Evan"]
[Result "0-1"]
[WhiteTitle "CM"]
[WhiteElo "1994"]
[BlackElo "1945"]
[WhiteFideId "5106052"]
[BlackFideId "2028670"]
[EventDate "2025.07.01"]

1. d4 Nf6 2. Nc3 e6 3. Bf4 d5 4. e3 c5 5. Nb5 Na6 6. Nf3 Bd7 7. a4 Qa5+ 8. c3
Be7 9. Nd6+ Bxd6 10. Bxd6 Qb6 11. dxc5 Nxc5 12. Bxc5 Qxc5 13. Bd3 O-O 14. O-O
Qc7 15. Qe2 e5 16. e4 Rfe8 17. Rfe1 Bg4 18. h3 Bh5 19. g4 Bg6 20. Nd2 dxe4 21.
Nxe4 Nd5 22. Qf3 Nf4 23. Bf1 Rad8 24. Rad1 Rxd1 25. Rxd1 Qc6 26. Ng5 Qxa4 27.
Rd6 h6 28. Rxg6 fxg6 29. Ne4 Qc6 30. Qe3 Rd8 31. Qxa7 Qxe4 0-1

[Event "Titled Tue 1st Jul Early"]
[Site "chess.com INT"]
[Date "2025.07.01"]
[Round "10"]
[White "Shuvalov, Evgenij"]
[Black "Demchenko, Yaroslav"]
[Result "1-0"]
[BlackTitle "CM"]
[WhiteElo "1980"]
[BlackElo "2217"]
[WhiteFideId "4187237"]
[BlackFideId "14186667"]
[EventDate "2025.07.01"]

1. d4 d5 2. c4 e6 3. Nf3 a6 4. cxd5 exd5 5. Nc3 Nf6 6. Qb3 c6 7. e4 Be7 8. e5
Ne4 9. Bd3 f5 10. h4 Qc7 11. Bg5 Be6 12. Rc1 O-O 13. Nxe4 fxe4 14. Bxe4 Bxg5 15.
Bxh7+ Kxh7 16. Nxg5+ Kg8 17. Nxe6 Qa5+ 18. Qc3 Qxc3+ 19. bxc3 Rf7 20. h5 Nd7 21.
h6 Re8 22. Ng5 Rf6 1-0

[Event "Titled Tue 1st Jul Early"]
[Site "chess.com INT"]
[Date "2025.07.01"]
[Round "10"]
[White "Emeliantsev, Anatoliy"]
[Black "Osiecki, Stanislaw"]
[Result "1-0"]
[WhiteTitle "FM"]
[BlackTitle "FM"]
[WhiteElo "2359"]
[BlackElo "1944"]
[WhiteFideId "4160681"]
[BlackFideId "1102990"]
[EventDate "2025.07.01"]

1. d4 Nf6 2. c4 g6 3. Nc3 Bg7 4. e4 d6 5. f3 O-O 6. Be3 e5 7. Nge2 c6 8. d5 cxd5
9. cxd5 a6 10. Qd2 Ne8 11. O-O-O b5 12. g4 Nd7 13. Ng3 Nc5 14. Kb1 b4 15. Nce2
a5 16. Nc1 a4 17. Nd3 Nxd3 18. Bxd3 a3 19. b3 Qa5 20. h4 Ba6 21. Bxa6 Rxa6 22.
h5 Nc7 23. Bh6 Nb5 24. Bxg7 Nc3+ 25. Ka1 Nxd1 26. Bf6 Qb6 27. Nf5 Re8 28. Qh6 1-0

[Event "Titled Tue 1st Jul Early"]
[Site "chess.com INT"]
[Date "2025.07.01"]
[Round "10"]
[White "Carrasco Miranda, Andres"]
[Black "McDonald, Jhustice-Dimonte"]
[Result "1-0"]
[WhiteTitle "CM"]
[BlackTitle "CM"]
[WhiteElo "2226"]
[BlackElo "2041"]
[WhiteFideId "3405990"]
[BlackFideId "7402481"]
[EventDate "2025.07.01"]

1. Nf3 Nf6 2. c4 g6 3. g3 Bg7 4. Bg2 O-O 5. O-O c6 6. d4 d5 7. cxd5 cxd5 8. Nc3
Nc6 9. Ne5 e6 10. f4 Qb6 11. e3 Nxe5 12. fxe5 Nd7 13. b3 f6 14. Ba3 Rf7 15. Na4
Qa6 16. Rc1 b5 17. e4 Rb8 18. exd5 bxa4 19. Bd6 Rf8 20. dxe6 Rb5 21. bxa4 Ra5
22. Rc6 Nb6 23. Bxf8 Bxf8 24. exf6 Rxa4 25. e7 1-0

[Event "Titled Tue 1st Jul Early"]
[Site "chess.com INT"]
[Date "2025.07.01"]
[Round "10"]
[White "Campos Gomez, Manuel"]
[Black "Ibarra Jerez, Jose Carlos"]
[Result "0-1"]
[WhiteTitle "IM"]
[BlackTitle "GM"]
[WhiteElo "2359"]
[BlackElo "2545"]
[WhiteFideId "4444710"]
[BlackFideId "2226332"]
[EventDate "2025.07.01"]

1. Nf3 g6 2. c4 Bg7 3. Nc3 e6 4. d4 Ne7 5. h4 h6 6. Bf4 d6 7. Qc2 Nd7 8. O-O-O
b6 9. g4 Bb7 10. d5 e5 11. Be3 a6 12. h5 g5 13. Nd2 b5 14. Bg2 Nf6 15. Bf3 Qd7
16. Rhg1 O-O 17. Nde4 Nxe4 18. Nxe4 bxc4 19. Ng3 Qb5 20. Be4 Bxd5 21. Bxd5 Nxd5
22. Nf5 Nb4 23. Qb1 d5 24. a3 Nc6 25. Qc2 d4 26. Qe4 Rab8 27. b4 Nxb4 28. axb4
Qxb4 29. Qc2 Qa3+ 0-1

[Event "Titled Tue 1st Jul Early"]
[Site "chess.com INT"]
[Date "2025.07.01"]
[Round "10"]
[White "Mujumdar, Sameer"]
[Black "Alonso Rosell, Alvar"]
[Result "0-1"]
[BlackTitle "GM"]
[WhiteElo "2054"]
[BlackElo "2536"]
[WhiteFideId "2029707"]
[BlackFideId "2270544"]
[EventDate "2025.07.01"]

1. d4 Nf6 2. c4 c5 3. d5 b5 4. cxb5 a6 5. bxa6 g6 6. Nc3 Bg7 7. e4 O-O 8. a7
Rxa7 9. Nf3 e6 10. Bc4 exd5 11. Nxd5 Ba6 12. Nxf6+ Bxf6 13. Bxa6 Qa5+ 14. Bd2
Qxa6 15. e5 Re8 16. Qe2 Qxe2+ 17. Kxe2 Nc6 18. Bc3 d5 19. Kd1 Bg7 20. Re1 d4 21.
Bd2 c4 22. Bf4 Nb4 23. Bg3 Bh6 24. a3 c3 25. bxc3 dxc3 26. Re4 c2+ 27. Ke2 Na2
28. Bf4 Bxf4 29. Rxf4 c1=Q 0-1